000 00580nam a22001577a 4500
999 _c527996
_d527996
020 _qHard Cover,
082 _a620.11
100 _aBabar, Zaher-ud-Din
245 _aThermal, kinetic and morphological studies of available and synthesized pyrotechnic / propellant compositions and their ingredients /
_cZaheer Ud Din Babar
260 _aIslamabad:
_bSCME - NUST,
_c2015.
300 _axxii, 200 p. : ill. ;
_c30cm.
942 _2ddc
_cTHE
650 _aPh. D. Thesis.
_919288
700 _aDr. Abdul Qadeer Malik.
_919504